Top Scorers Serie A (2000-2025) - Statistics

General Stats
  • This quiz has been taken 185 times
    65 since last reset
  • The average score is 19 of 27
Answer Stats
Season Player % Correct
2023-2024 Lautaro Martínez
93%
2020-2021 Cristiano Ronaldo
89%
2007-2008 Alessandro Del Piero
88%
2021-2022 Ciro Immobile
88%
2019-2020 Ciro Immobile
88%
2017-2018 Ciro Immobile
88%
2013-2014 Ciro Immobile
88%
2006-2007 Francesco Totti
86%
2022-2023 Victor Osimhen
82%
2011-2012 Zlatan Ibrahimović
82%
2008-2009 Zlatan Ibrahimović
82%
2015-2016 Gonzalo Higuaín
80%
2014-2015 Luca Toni
71%
2005-2006 Luca Toni
71%
2018-2019 Fabio Quagliarella
68%
2003-2004 Andriy Shevchenko
64%
2010-2011 Antonio Di Natale
64%
2009-2010 Antonio Di Natale
64%
2017-2018 Mauro Icardi
64%
2014-2015 Mauro Icardi
64%
2002-2003 Christian Vieri
63%
2012-2013 Edinson Cavani
63%
2016-2017 Edin Džeko
61%
2000-2001 Hernán Crespo
50%
2024-2025 Mateo Retegui
41%
2004-2005 Cristiano Lucarelli
25%
2001-2002 Dario Hübner
21%
No matching quizzes found
Score Distribution
Percent of People with Each Score
Percentile by Number Answered
Your Score History
You have not taken this quiz since the last reset